000 00327nam a2200133 i 4500
001 bg
100 1 _aJaczynowska, Maria
_d(1920-2008).
245 0 _aHistoria starożytnego Rzymu /
_cM.Jaczynowska.
260 _aWarszawa,
_c1988.
040 _cBPK
041 _apol
942 _cKS
008 s pl f |000 0 pol
999 _c28639
_d28639
856 _uhttp://koha.tu.koszalin.pl/cgi-bin/koha/opac-detail.pl?biblionumber=28639
_yKatalog online BPK